Rocznik Gdyński
| Titel: | Rocznik Gdyński / Towarzystwo Miłośników Gdyni |
|---|---|
| Veröffentlicht: | Gdynia, 1978- |
| Erscheinungsverlauf: | [1.]1977(1978) - [2.]1978/79(1979); 3.1980/82(1982) - |
| Format: | Zeitschrift, Zeitung |
| Sprache: | Polnisch |
| ISSN: | 0137-4044 |
X
| Lokale Klassifikation: | 33 8 G 36 |
|---|
alg: 9055979 001A $03004:29-03-00 001B $03025:10-11-25 $t12:42:32.000 001D $06050:10-10-15 001U $0utf8 001X $00 002@ $0Abvc 002C $aText $btxt $2rdacontent 002D $aohne Hilfsmittel zu benutzen $bn $2rdamedia 002E $aBand $bnc $2rdacarrier 003@ $0090559797 003O $01368157909 $aOCoLC 005A $00137-4044 006Z $02008589-8 007A $02008589-8 $aZDB 010@ $apol 011@ $a1978 $n1978- 013D $RPresse $RFortlaufendes Sammelwerk $#Periodicals $#Yearbooks $#Périodiques $#Annuaires $#Publicaciones periódicas $#journals $#Periodical $#Periodicals as Topic $#Zeitschrift $#Zeitschrift $#Periodikum $#Zeitschriften $74067488-5 $8Zeitschrift [Tsz] $9085189774 018@ $0u 021A $aRocznik Gdyński $hTowarzystwo Miłośników Gdyni 031@ $a[1.]1977(1978) - [2.]1978/79(1979); 3.1980/82(1982) - 031N $6 $j1977 033A $pGdynia 044K $RGdingen $RGotenhafen $#Gdynia $#Gdingen $#Gotenhafen $#Gdingen Gdynia $72011183-6 $8Gdynia [Tg1] $9042666600 045U $e900 lok: 9055979 24 101B $004-12-02 $t14:19:50.682 101C $029-03-00 145Z/01 $a33 8 G 36 101U $0utf8 exp: 9055979 24 1 #EPN 201B/01 $011-08-25 $t10:12:10.000 201C/01 $029-03-00 201U/01 $0utf8 203@/01 $0142081507 208@/01 $a29-03-00 $bp 209A/01 $a33 VIII G 81 Z 1 $f050 $h33 8 G 81 Z 1 $x00 209E/01 $a1977(1978); 1978/79(1979); 3.1980/82(1982) - 29.2017 $x02 209E/01 $az.T. Fotokopie $x04 220C/01 $aO. - [[ff/K:Hrsg.]=Bd. 15 ff best.//23.03.00//Wb_pB-->kL]]. - [ff/K:lex.]=Bd.20 ff best.//14.03.12//Ho-Sz_pM. - Bd.30 n.n.ersch.//11.08.25//Ho-Sz. - Ebd.-Nachtr.-->JBK-Abl.//10.05.24//Ho-Sz 231@/01 $0 $01978 $0 $d3 $d1980 $j1977 $k2017 $n29 247C/01 $8358050-7Marburg, Bibliothek des Herder-Instituts Marburg $9102600961 exp: 9055979 24 2 #EPN 201B/02 $023-04-12 $t11:41:03.000 201C/02 $023-04-12 201U/02 $0utf8 203@/02 $064178550X 208@/02 $a23-04-12 $bgp 209A/02 $aCD-ROM 1149 $dd $f050 $hCD ROM 1149 $x00 209E/02 $a1977(1978); 3.1980/82(1982); 4.1983 $x02 209E/02 $aSicherheitsdigitalisat. - Papierausdruck möglich $x04 209G/02 $aCD-ROM $x01 220C/02 $a(O). - [Eigenprod.] 247C/02 $8358050-7 Marburg, Bibliothek des Herder-Instituts Marburg $9102600961 exp: 9055979 24 3 #EPN 201B/03 $018-06-18 $t09:09:57.000 201C/03 $018-06-18 201U/03 $0utf8 203@/03 $01023626047 208@/03 $a18-06-18 $bgp 209A/03 $aERes 754 $dd $f050 $hERES 754 $x00 209E/03 $a1977(1978); 2016 $x02 209E/03 $aenth. Ergänzungen zum Aufsatz aus 28.2016 $x04 209G/03 $aCD-ROM $x01 220C/03 $aO/SK. - kostenfreie Beil. zum gedr. Band 247C/03 $8358050-7 Marburg, Bibliothek des Herder-Instituts Marburg $9102600961 lok: 9055979 78 exp: 9055979 78 1 #EPN 201B/01 $026-06-18 $t22:53:06.000 201U/01 $0utf8 203@/01 $0791000710 208@/01 $a12-11-16 $be 209A/01 $a/ $f000 $x00 220C/01 $aTitelaufnehmer: ca 220C/01 $aHerkunft: UMK/BU Toruń 237A/01 $aweiterführende Signatur(en): 33 VIII G 81 Z 1 244Z/01 $2Trx $#Prusy Wschodnie i Zachodnie $8--Trx--Ost- und Westpreußen $x01 $939113373X 244Z/01 $#Gdynia $#Gdingen $#Gotenhafen $#Gdingen Gdynia $72011183-6 $8--Tg1--Gdynia $x02 $9042666600 245Z/01 $a01.02 $x01 247C/01 $82080>Marburg/Lahn, Herder-Institut, Forschungsbibliothek, Bibliographieportal $9336309341
| LEADER | 00000cas a2200000 c 4500 | ||
|---|---|---|---|
| 001 | 090559797 | ||
| 003 | DE-603 | ||
| 005 | 20251110124232.0 | ||
| 007 | tu | ||
| 008 | 000329c19789999xx u| p| 0 |1pol c | ||
| 016 | 7 | |2 DE-600 |a 2008589-8 | |
| 022 | |a 0137-4044 | ||
| 035 | |a (DE-599)ZDB2008589-8 | ||
| 035 | |a (OCoLC)1368157909 | ||
| 040 | |a DE-603 |b ger |c DE-603 |d DE-603 | ||
| 041 | |a pol | ||
| 084 | |a 900 |q DE-600 |2 sdnb | ||
| 245 | 0 | 0 | |a Rocznik Gdyński |c Towarzystwo Miłośników Gdyni |
| 264 | 3 | 1 | |a Gdynia |c 1978- |
| 336 | |a Text |b txt |2 rdacontent | ||
| 337 | |a ohne Hilfsmittel zu benutzen |b n |2 rdamedia | ||
| 338 | |a Band |b nc |2 rdacarrier | ||
| 362 | 0 | |a [1.]1977(1978) - [2.]1978/79(1979); 3.1980/82(1982) - | |
| 363 | 0 | 1 | |8 1.1\x |i 1977 |
| 651 | 7 | |a Gdynia |0 (DE-588)2011183-6 |0 (DE-603)042666600 |2 gnd | |
| 655 | 7 | |a Zeitschrift |2 gnd-content |0 (DE-588)4067488-5 |0 (DE-603)085189774 | |
| 924 | 0 | |9 Mb 50 |a (DE-603)142081507 |b DE-Mb50 |c HES |d c |g 33 VIII G 81 Z 1 |q 1977 |w ; |q 1978 |w ; |m 3 |q 1980 |r 29 |v 2017 |z 1977(1978); 1978/79(1979); 3.1980/82(1982) - 29.2017 | |
| 924 | 0 | |9 Mb 50 |a (DE-603)64178550X |b DE-Mb50 |c HES |d d |g CD-ROM 1149 |h CD-ROM |z 1977(1978); 3.1980/82(1982); 4.1983 | |
| 924 | 0 | |9 Mb 50 |a (DE-603)1023626047 |b DE-Mb50 |c HES |d d |g ERes 754 |h CD-ROM |z 1977(1978); 2016 | |
| 924 | 0 | |9 2080 |a (DE-603)791000710 |b DE-2080 |c HES |d d |g / | |


